Top 10 Niger-Congo Languages - Statistics

General Stats
  • This quiz has been taken 245 times
    243 since last reset
  • The average score is 5 of 10
Answer Stats
Speakers Languages % Correct
37 million Yoruba
90%
27 million Igbo
88%
98 million Swahili
84%
27 million Zulu
69%
19 million Xhosa
64%
13 million Southern Sotho
31%
13 million Northern Sotho
24%
13 million Setswana
7%
14 million Bamanankan
3%
14 million Nigerian Fulfulde
3%
No matching quizzes found
Score Distribution
Percent of People with Each Score
Percentile by Number Answered
Your Score History
You have not taken this quiz since the last reset